[Event "Challenge"]
[Site "http://www.queenalice.com/game.php?id=1855479"]
[Date "2025.4.12"]
[Round "-"]
[White "Mr_SPOCK"]
[Black "DAN1958"]
[Result "1/2-1/2"]
[WhiteElo "1655"]
[BlackElo "1467"]

1. e4 e5 2. Qh5 d6 3. Bc4 Qf6 4. d3 Be6 5. Bg5 Qg6 6. Qh4 f6 7. Be3 Bxc4 8. dxc4
h6 9. Nh3 Nc6 10. g4 Qxe4 11. O-O Qxc2 12. Nd2 Qg6 13. a3 Be7 14. Kh1 Rd8 15. b4
b6 16. b5 Nd4 17. f4 Nc2 18. f5 Qf7 19. Ra2 Nxe3 20. Rf3 Nxc4 21. Nxc4 Qxc4 22.
Raf2 Qxb5 23. g5 fxg5 24. Qh5+ Kd7 25. Qf7 Nf6 26. Qe6+ Ke8 27. Rb2 Qxb2 28. Ng1
Ng4 29. Qg6+ Kd7 30. Rh3 Nf2+ 31. Kg2 Nxh3+ 32. Kxh3 Qxa3+ 33. Kg2 Rdg8 34. Qe6+
Ke8 35. Qc8+ Kf7 36. Qe6+ Ke8 37. Qc8+ Kf7 38. Qe6+ Ke8 1/2-1/2

[Event "Challenge"]
[Site "http://www.queenalice.com/game.php?id=1855553"]
[Date "2025.4.14"]
[Round "-"]
[White "DAN1958"]
[Black "nathmurr"]
[Result "0-1"]
[WhiteElo "1481"]
[BlackElo "1694"]

1. e4 c5 2. c4 Nc6 3. d3 d6 4. Nf3 f5 5. g3 fxe4 6. Nfd2 exd3 7. Bxd3 e5 8. a3
Nf6 9. b3 Nd4 10. Nf3 Bg4 11. Be2 Be7 12. Nxd4 cxd4 13. h3 Be6 14. g4 d5 15. f3
dxc4 16. Bxc4 Bxc4 17. bxc4 Rc8 18. Nd2 Qa5 19. O-O Qc7 20. Qc2 O-O 21. Bb2 Rfd8
22. Qd3 Nd7 23. Rfc1 Nc5 24. Qe2 Bg5 25. Rc2 Bxd2 26. Rxd2 Nb3 27. Rd3 Nxa1 28.
Bxa1 Qxc4 29. Qd1 Qc1 30. Bb2 Qxb2 31. Qb3+ Qxb3 32. Rxb3 Rc1+ 33. Kg2 d3 34.
Rxb7 d2 35. Rxa7 d1=Q 36. Re7 Qg1# 0-1

[Event "Challenge"]
[Site "http://www.queenalice.com/game.php?id=1855617"]
[Date "2025.4.15"]
[Round "-"]
[White "nathmurr"]
[Black "DAN1958"]
[Result "1-0"]
[WhiteElo "1701"]
[BlackElo "1474"]

1. d3 e5 2. e3 f6 3. Nf3 c5 4. Nc3 a6 5. Be2 d6 6. Bd2 Nc6 7. O-O g5 8. a3 b5 9.
Qb1 Qb6 10. Nd5 Qd8 11. b4 c4 12. dxc4 Be6 13. cxb5 Bxd5 14. bxc6 Bxc6 15. c4
Nh6 16. b5 Bxf3 17. Bxf3 Ra7 18. b6 Rb7 19. Bxb7 d5 20. Bxd5 Bc5 21. b7 Ba7 22.
e4 Qb8 23. Bc6+ Kf7 24. Be3 Bxe3 25. fxe3 Kg6 26. h3 Qc7 27. Bd5 Rb8 28. g4 Ng8
29. Bxg8 Rxb7 30. Qc1 Rb3 31. c5 Rxe3 32. Qxe3 Kg7 33. Bd5 Qa5 34. c6 Qc7 35.
Rab1 Qd6 36. Rb7+ Kg6 37. Rc1 1-0

[Event "Challenge"]
[Site "http://www.queenalice.com/game.php?id=1856347"]
[Date "2025.4.28"]
[Round "-"]
[White "DAN1958"]
[Black "nathmurr"]
[Result "0-1"]
[WhiteElo "1470"]
[BlackElo "1714"]

1. e4 c5 2. c4 Nc6 3. Nf3 e5 4. Nc3 d6 5. d3 Nd4 6. Nxd4 exd4 7. Ne2 Nf6 8. h3
Be7 9. g4 h6 10. f3 O-O 11. a4 g5 12. b3 a5 13. h4 gxh4 14. Bh3 Be6 15. Nf4 Bd7
16. Ng2 Kh7 17. Nf4 Qb6 18. Ra3 Qb4+ 19. Qd2 Qxd2+ 20. Bxd2 b6 21. Nh5 Ne8 22.
g5 Bxh3 23. Rxh3 hxg5 24. Ng3 Nc7 25. Ne2 Na6 26. Kd1 Rg8 27. Kc2 Nb4+ 28. Kd1
Nxd3 29. Be1 Nf4 30. Nxf4 gxf4 31. Bxh4 Rg1+ 32. Ke2 Bxh4 33. Rxh4+ Kg6 34. Rxf4
Rh8 35. Rg4+ Rxg4 36. fxg4 Kg5 37. Kf3 Rh3+ 38. Kg2 Kxg4 39. Kf2 Kf4 40. Kg2 Re3
41. Kf2 Kxe4 42. Kg2 d3 43. Ra1 d2 44. Rd1 Re2+ 45. Kf1 Ke3 46. Kg1 Re1+ 47.
Rxe1+ dxe1=Q+ 48. Kh2 Kf3 49. Kh3 Qg3# 0-1

[Event "Challenge"]
[Site "http://www.queenalice.com/game.php?id=1856370"]
[Date "2025.4.29"]
[Round "-"]
[White "DAN1958"]
[Black "Leanne"]
[Result "1-0"]
[WhiteElo "1447"]
[BlackElo "1334"]

1. e4 e5 2. g4 d5 3. d4 exd4 4. Qxd4 Nc6 5. Qd2 Bb4 6. c3 Ba5 7. b4 dxe4 8.
Qxd8+ Kxd8 9. bxa5 Bxg4 10. h3 Bc8 11. Be3 Nxa5 12. Nd2 f5 13. Ne2 Nf6 14. Nd4
b6 15. Rb1 c5 16. N4b3 Nxb3 17. Nxb3 Nd5 18. Rd1 Be6 19. c4 f4 20. Bc1 Kc8 21.
cxd5 Bf5 22. d6 Rd8 23. Bxf4 e3 24. Rc1 Be6 25. fxe3 c4 26. Nd4 Bd5 27. e4 Bxe4
28. Rg1 1-0

[Event "Challenge"]
[Site "http://www.queenalice.com/game.php?id=1856439"]
[Date "2025.4.30"]
[Round "-"]
[White "nathmurr"]
[Black "DAN1958"]
[Result "1-0"]
[WhiteElo "1708"]
[BlackElo "1453"]

1. e4 e5 2. d3 c5 3. f4 Nc6 4. fxe5 Nxe5 5. Qh5 d6 6. Bf4 g6 7. Qe2 Qf6 8. Bxe5
Qxe5 9. c3 h5 10. Nf3 Qf6 11. e5 Be6 12. exf6 Nxf6 13. Ng5 Be7 14. Nxe6 fxe6 15.
Qxe6 Rd8 16. d4 cxd4 17. cxd4 Rf8 18. Bb5+ Nd7 19. Qxg6+ Rf7 20. Rf1 1-0

[Event "Challenge"]
[Site "http://www.queenalice.com/game.php?id=1856711"]
[Date "2025.5.4"]
[Round "-"]
[White "DAN1958"]
[Black "Leanne"]
[Result "1-0"]
[WhiteElo "1458"]
[BlackElo "1349"]

1. e4 e6 2. e5 d5 3. d4 Nc6 4. c3 Be7 5. Qg4 g6 6. b4 Bh4 7. g3 h5 8. Qxh4 Qd7
9. Nf3 b6 10. Qf4 Bb7 11. h4 O-O-O 12. Na3 Nce7 13. Qxf7 Nh6 14. Qf4 Nhf5 15.
Bb5 c6 16. Bd3 a5 17. Rb1 c5 18. Bxf5 exf5 19. Rb2 axb4 20. cxb4 cxb4 21. Rxb4
Qc6 22. Bd2 Qc7 23. Ng5 Nc6 24. Rb1 Rhe8 25. O-O Ba6 26. Rfc1 1-0

[Event "Challenge"]
[Site "http://www.queenalice.com/game.php?id=1856961"]
[Date "2025.5.8"]
[Round "-"]
[White "DAN1958"]
[Black "nathmurr"]
[Result "0-1"]
[WhiteElo "1480"]
[BlackElo "1720"]

1. d4 f5 2. f4 e6 3. e3 g5 4. h3 gxf4 5. exf4 Qh4+ 6. Kd2 Qxf4+ 7. Ke1 Qe4+ 8.
Ne2 Bd6 9. Qd3 Qxd3 10. cxd3 b6 11. a3 Ba6 12. Nec3 Nc6 13. d5 Nd4 14. Ra2 exd5
15. Nxd5 O-O-O 16. Nb4 Bb7 17. Kd1 c5 18. Nc2 Nxc2 19. Kxc2 Re8 20. Nc3 Nh6 21.
Ra1 Re1 22. Kd2 Rhe8 23. b3 Be5 24. Ne2 Rxe2+ 25. Bxe2 Bxa1 26. Re1 Bxg2 27. Bh5
Rxe1 28. Kxe1 Bg7 29. Kf2 Bd5 30. Bd1 Nf7 31. Be3 Bh6 32. Bxh6 Nxh6 33. Kg3 a5
34. a4 Kc7 35. Kh4 Nf7 36. Bh5 Bxb3 37. Bxf7 Bxf7 38. Kg5 Bc4 39. dxc4 d5 40.
cxd5 c4 41. Kxf5 c3 42. Ke6 Kd8 43. Kd6 c2 44. Kc6 c1=Q+ 45. Kxb6 Qc4 46. Kxa5
Kd7 47. h4 Kd6 48. Kb6 Qxd5 49. a5 Qc6+ 50. Ka7 Qb5 51. a6 Kc7 0-1

[Event "Challenge"]
[Site "http://www.queenalice.com/game.php?id=1857598"]
[Date "2025.5.20"]
[Round "-"]
[White "DAN1958"]
[Black "nathmurr"]
[Result "0-1"]
[WhiteElo "1474"]
[BlackElo "1726"]

1. e4 c5 2. c4 Qa5 3. Nc3 Nc6 4. Nb5 a6 5. Nc3 b5 6. b3 bxc4 7. bxc4 Rb8 8. Rb1
Rxb1 9. Nxb1 Qxa2 10. Nc3 Qa5 11. Qa4 Qd8 12. Nd5 e6 13. Nf4 Bd6 14. Nd3 Qh4 15.
e5 Bxe5 16. Be2 Bd4 17. g3 Qf6 18. f4 Bb7 19. Nxc5 Bxc5 20. Qa1 Nd4 21. Qa2 Bxh1
22. Qxa6 Nxe2 23. Nxe2 h6 24. Qc8+ Qd8 25. Qxc5 Nf6 26. Bb2 Qb8 27. Be5 Qb1+ 28.
Kf2 Ne4+ 29. Ke3 Nxc5 30. Nc3 Qd3+ 31. Kf2 Qf3+ 32. Ke1 Nd3# 0-1

[Event "AUTO-INT-3933"]
[Site "http://www.queenalice.com/game.php?id=1857600"]
[Date "2025.5.20"]
[Round "1"]
[White "DAN1958"]
[Black "brumbaz"]
[Result "0-1"]
[WhiteElo "1441"]
[BlackElo "1526"]

1. e4 e6 2. f3 Nc6 3. c3 d5 4. d3 d4 5. c4 Bd6 6. Ne2 Nf6 7. g4 h6 8. h4 Bd7 9.
h5 g5 10. Qb3 b6 11. Bd2 Qe7 12. a4 a5 13. Qd1 e5 14. b3 Nb4 15. Bxb4 Bxb4+ 16.
Kf2 Nxg4+ 17. fxg4 Bxg4 18. Bh3 Qf6+ 19. Kg2 Qf3+ 20. Kg1 Bxh3 21. Rxh3 Qxh3 22.
Nc1 Qe3+ 23. Kf1 Qf4+ 24. Kg1 g4 25. Ra2 Rg8 26. Qf1 Qg5 27. Rh2 O-O-O 28. Qxf7
Qxc1+ 29. Kg2 Qc2+ 30. Qf2 Qxb1 31. Qf5+ Kb8 32. Rh1 Qxd3 33. Qxe5 Rdf8 34. Qg3
Qe2+ 35. Qf2 Qxf2# 0-1

[Event "AUTO-INT-3933"]
[Site "http://www.queenalice.com/game.php?id=1857602"]
[Date "2025.5.20"]
[Round "1"]
[White "DAN1958"]
[Black "game"]
[Result "1-0"]
[WhiteElo "1464"]
[BlackElo "1453"]

1. e4 e5 2. f3 d6 3. d3 Nc6 4. c3 Be7 5. h4 Nf6 6. g4 h5 7. g5 Nd7 8. b4 g6 9.
a3 b5 10. a4 Rb8 11. a5 f5 12. Ne2 fxe4 13. fxe4 Bf8 14. Bh3 Bg7 15. Rf1 d5 16.
exd5 Ne7 17. Nd2 Bb7 18. Qb3 Nxd5 19. Ne4 Nf4 20. Nxf4 exf4 21. Rxf4 Be5 22.
Qf7# 1-0

[Event "AUTO-INT-3933"]
[Site "http://www.queenalice.com/game.php?id=1857603"]
[Date "2025.5.20"]
[Round "1"]
[White "game"]
[Black "DAN1958"]
[Result "1-0"]
[WhiteElo "1511"]
[BlackElo "1468"]

1. e4 e5 2. Nf3 f6 3. Bc4 Nh6 4. d4 d6 5. O-O Bd7 6. dxe5 dxe5 7. Nc3 c6 8. Nh4
b5 9. Be2 g6 10. Nf3 Nf7 11. Nh4 Na6 12. b4 Nxb4 13. f4 Qe7 14. fxe5 Qxe5 15.
Bb2 Qg5 16. g3 Bc5+ 17. Kh1 Qe5 18. Nxb5 Qxe4+ 19. Rf3 Rf8 20. Nc7+ Ke7 21. Nxa8
Rxa8 22. Qd2 Bg4 23. Re1 Kf8 24. Bd3 Qd5 25. Qf4 Bxf3+ 26. Nxf3 Re8 27. Be4 Qxa2
28. Bxf6 Qc4 29. Kg2 Nxc2 30. Bxc2 Re2+ 31. Kh3 Rxc2 32. Qb8+ Nd8 33. Qxd8+ Kf7
34. Ne5+ Ke6 35. Nxc4+ Kf5 36. Qd3+ Kxf6 37. Qxc2 Bb4 38. Rf1+ Kg7 39. Ne5 Be7
40. Nxc6 Bf6 41. Nxa7 Bg5 42. Kg4 Be3 43. Qc7+ Kh6 44. Rf7 Bd2 45. Rxh7# 1-0

[Event "AUTO-INT-3933"]
[Site "http://www.queenalice.com/game.php?id=1857604"]
[Date "2025.5.20"]
[Round "1"]
[White "DAN1958"]
[Black "Jsc"]
[Result "0-1"]
[WhiteElo "1426"]
[BlackElo "1985"]

1. e4 e6 2. d3 c5 3. c4 Nc6 4. a3 a6 5. Nf3 b5 6. Nbd2 d5 7. Qe2 d4 8. h3 e5 9.
Nb3 Rb8 10. Qc2 bxc4 11. Qxc4 Qb6 12. Qc2 Qxb3 13. Qxb3 Rxb3 14. g4 h6 15. Be2
Bd6 16. Kd2 Nge7 17. Kc2 Rb8 18. Bd2 O-O 19. g5 hxg5 20. Bxg5 f6 21. Bd2 Be6 22.
Kc1 Kf7 23. h4 Rh8 24. h5 Rh7 25. Ne1 Rbh8 26. Ng2 Bc7 27. Kd1 Na5 28. Bxa5 Bxa5
29. Rc1 Bb6 30. Kd2 Ba5+ 31. Kc2 Kg8 32. Ra1 g5 33. Rac1 Bb6 34. Bf3 g4 35. Be2
Rxh5 36. Rxh5 Rxh5 37. Rf1 Rh2 38. Rg1 f5 39. Kd2 f4 40. f3 g3 41. Bf1 Ng6 42.
Ke1 Nh4 43. Nxh4 Rxh4 44. Bg2 Rh2 45. Kd2 Bh3 46. Kc1 Bxg2 0-1

[Event "AUTO-INT-3933"]
[Site "http://www.queenalice.com/game.php?id=1857605"]
[Date "2025.5.20"]
[Round "1"]
[White "Jsc"]
[Black "DAN1958"]
[Result "1-0"]
[WhiteElo "1966"]
[BlackElo "1428"]

1. e4 e5 2. Nf3 f6 3. Nxe5 fxe5 4. Qh5+ g6 5. Qxe5+ Qe7 6. Qxh8 Qg7 7. Qxg7 Bxg7
8. Bc4 Nf6 9. f3 c6 10. Nc3 b5 11. Be2 Nh5 12. g3 d5 13. exd5 b4 14. Ne4 cxd5
15. Nd6+ Kd7 16. Nxc8 Kxc8 17. c3 a5 18. d4 Nc6 19. f4 Kc7 20. Bf3 Kd6 21. Bd2
Re8+ 22. Kf2 bxc3 23. bxc3 a4 24. Rab1 Rb8 25. Rxb8 Nxb8 26. Rb1 Nd7 27. Rb4 a3
28. Ra4 Bf6 29. Rxa3 Nb6 30. Ra7 Ng7 31. Ke2 Nf5 32. Rxh7 g5 33. fxg5 Bd8 34. g6
Bf6 35. g4 Nh4 36. Rxh4 Bxh4 37. g7 Nd7 38. g8=Q Bf6 39. Qxd5+ Ke7 40. g5 Bg7
41. g6 Nf8 42. Qf7+ 1-0

[Event "Challenge"]
[Site "http://www.queenalice.com/game.php?id=1858011"]
[Date "2025.5.29"]
[Round "-"]
[White "nathmurr"]
[Black "DAN1958"]
[Result "1-0"]
[WhiteElo "1732"]
[BlackElo "1454"]

1. c4 e5 2. e4 d6 3. b4 c5 4. a3 b6 5. bxc5 bxc5 6. Nc3 Bb7 7. Rb1 Nc6 8. Rxb7
Nf6 9. Qa4 Qc8 10. Rb2 Kd7 11. g3 h5 12. f3 Rb8 13. Bh3+ Ng4 14. fxg4 Rxb2 15.
g5+ f5 16. Bxf5+ Kd8 17. Bxc8 Kxc8 18. Qxc6+ Kd8 19. Bxb2 g6 20. Nd5 Rh7 21. Bc3
1-0

[Event "Challenge"]
[Site "http://www.queenalice.com/game.php?id=1858110"]
[Date "2025.6.1"]
[Round "-"]
[White "DAN1958"]
[Black "nathmurr"]
[Result "0-1"]
[WhiteElo "1449"]
[BlackElo "1737"]

1. e4 d5 2. e5 c5 3. f4 f6 4. exf6 Nxf6 5. d3 Nc6 6. a3 Bg4 7. Be2 Bxe2 8. Nxe2
e6 9. g3 Be7 10. c3 O-O 11. Nd2 Bd6 12. b4 d4 13. c4 Qe8 14. O-O Ng4 15. Ne4 Be7
16. b5 Na5 17. h3 Nh6 18. Nd2 Nf5 19. Nb3 Nxb3 20. Qxb3 Bd6 21. a4 Rf6 22. Bd2
Ne3 23. Rf3 Qh5 24. Bxe3 Qxf3 25. Qd1 Qxe3+ 26. Kg2 Rg6 27. Ra3 Bxf4 28. g4 h5
29. Qf1 Rf8 30. Qf2 Qxf2+ 31. Kxf2 Bc1+ 0-1

[Event "Challenge FFS"]
[Site "http://www.queenalice.com/game.php?id=1858397"]
[Date "2025.6.6"]
[Round "-"]
[White "nathmurr"]
[Black "DAN1958"]
[Result "1-0"]
[WhiteElo "1741"]
[BlackElo "1445"]

1. e4 e5 2. d3 c5 3. f4 d6 4. fxe5 dxe5 5. Qh5 Nc6 6. g3 Qf6 7. Qf3 Qxf3 8. Nxf3
h6 9. Nc3 a6 10. Nd5 Rb8 11. c3 Be6 12. Nc7+ Kd7 13. Nxe6 Kxe6 14. b4 cxb4 15.
cxb4 Nxb4 16. Bh3+ f5 17. O-O Rd8 18. Rb1 b5 19. Bxf5+ Kf7 20. Nxe5+ Kf6 21. Ng6
Rh7 22. Nxf8 Rh8 23. Bb2+ Kg5 24. Bxg7 Nxd3 25. Ne6+ 1-0

[Event "Challenge"]
[Site "http://www.queenalice.com/game.php?id=1858776"]
[Date "2025.6.14"]
[Round "-"]
[White "DAN1958"]
[Black "nathmurr"]
[Result "0-1"]
[WhiteElo "1424"]
[BlackElo "1745"]

1. e4 c5 2. c4 d6 3. d3 f5 4. Nd2 Qa5 5. a3 fxe4 6. dxe4 Nc6 7. Bd3 Ne5 8. Qb3
Nxd3+ 9. Qxd3 Be6 10. Ne2 b5 11. O-O bxc4 12. Nxc4 Bxc4 13. Qxc4 Rd8 14. Nf4 e5
15. Ne6 Rd7 16. Rd1 Nf6 17. f3 d5 18. exd5 a6 19. Bd2 Qb5 20. Qxb5 axb5 21. b4
cxb4 22. Nxf8 Rxf8 23. axb4 Nxd5 24. Kf2 Nf4 25. Bxf4 Rxd1 26. Rxd1 Rxf4 27. Re1
Rxb4 28. Rxe5+ Kf7 29. h3 Kf6 30. Re8 Rb2+ 31. Kg3 h5 32. h4 b4 33. Rf8+ Kg6 34.
Kf4 Rxg2 35. Rb8 Rh2 36. Rxb4 Rxh4+ 37. Kg3 Rh1 38. Rh4 Rxh4 39. Kxh4 Kh6 40.
Kg3 g5 41. Kh3 Kg6 42. Kg3 Kf5 43. Kf2 Kf4 44. Kg2 h4 45. Kf2 h3 46. Kg1 Kxf3
47. Kh1 g4 48. Kg1 g3 49. Kh1 g2+ 50. Kh2 Kf2 51. Kxh3 g1=Q 52. Kh4 Qg6 53. Kh3
Qg5 0-1

[Event "Challenge"]
[Site "http://www.queenalice.com/game.php?id=1859850"]
[Date "2025.7.12"]
[Round "-"]
[White "DAN1958"]
[Black "nathmurr"]
[Result "1-0"]
[WhiteElo "1421"]
[BlackElo "1748"]

1. e4 c5 2. c4 d6 3. d3 Nc6 4. Be3 Nd4 5. Bxd4 cxd4 6. h3 e5 7. Nd2 Be7 8. Ngf3
h6 9. h4 Nf6 10. Nh2 O-O 11. Nb3 a6 12. a3 Qb6 13. Rb1 Be6 14. Nd2 Nh5 15. g3 f5
16. Rg1 fxe4 17. Nxe4 Qa5+ 18. Qd2 Qxd2+ 19. Nxd2 Rac8 20. a4 d5 21. f4 dxc4 22.
Be2 Nxf4 23. gxf4 Bxh4+ 24. Kd1 cxd3 25. Bxd3 Rxf4 26. b3 e4 27. Bxe4 g5 28.
Nhf3 Bg4 29. Rf1 b6 30. Ke2 Bf5 31. Bxf5 Rxf5 32. Nxd4 Re8+ 33. Kd1 Rxf1+ 34.
Nxf1 Rf8 35. Ne3 Rd8 36. Nc2 g4 37. Kd2 Bf2 38. Kc3 Rc8+ 39. Kd3 Re8 40. Kd2 h5
41. Rh1 h4 42. Rh2 Bg3 43. Rg2 h3 44. Rxg3 h2 45. Rxg4+ Kf7 46. Rh4 1-0

[Event "Challenge"]
[Site "http://www.queenalice.com/game.php?id=1861133"]
[Date "2025.8.5"]
[Round "-"]
[White "Leanne"]
[Black "DAN1958"]
[Result "0-1"]
[WhiteElo "1294"]
[BlackElo "1428"]

1. d4 d5 2. c4 Nf6 3. Nc3 c6 4. cxd5 Nxd5 5. Nxd5 cxd5 6. Nf3 f6 7. e3 Nc6 8.
Bb5 a6 9. Bxc6+ bxc6 10. O-O Rb8 11. b3 Rxb3 12. axb3 Qb6 13. Nd2 e6 14. Qh5+ g6
15. Qf3 f5 16. e4 Qxd4 17. Ra4 Qf6 18. exf5 gxf5 19. Ba3 Bxa3 20. Rxa3 Rg8 21.
Qc3 Qxc3 22. Nb1 Qg7 23. g3 Qe7 24. Ra4 Rg4 25. Rxg4 fxg4 26. Nd2 Qg5 27. f4 Qf5
0-1

[Event "Challenge"]
[Site "http://www.queenalice.com/game.php?id=1861134"]
[Date "2025.8.5"]
[Round "-"]
[White "DAN1958"]
[Black "Leanne"]
[Result "0-1"]
[WhiteElo "1450"]
[BlackElo "1291"]

1. e4 c5 2. c4 e6 3. d3 Bd6 4. Nf3 Nc6 5. a3 Nd4 6. Nxd4 cxd4 7. Nd2 Nf6 8. h3
b6 9. g4 Bf4 10. Bg2 d5 11. b3 dxe4 12. Bxe4 Nxe4 13. Nxe4 Be5 14. Ra2 Bb7 15.
O-O Qe7 16. f3 O-O 17. a4 Qh4 18. Nf2 Qg3+ 19. Kh1 Qh2# 0-1

[Event "Challenge"]
[Site "http://www.queenalice.com/game.php?id=1861318"]
[Date "2025.8.9"]
[Round "-"]
[White "nathmurr"]
[Black "DAN1958"]
[Result "1-0"]
[WhiteElo "1719"]
[BlackElo "1439"]

1. e4 e5 2. c4 c5 3. g4 d6 4. a4 a5 5. Nc3 Ne7 6. h4 h5 7. gxh5 g6 8. Be2 Be6 9.
Qb3 b6 10. hxg6 fxg6 11. Nb5 Nec6 12. Nh3 Rxh4 13. Bf1 g5 14. Bg2 Qd7 15. Nxg5
Rxh1+ 16. Bxh1 Bh6 17. d3 Bxg5 18. Bxg5 Qg7 19. Be3 Qg1+ 20. Ke2 Qxa1 21. Bf3
Qg1 22. Nxd6+ Ke7 23. Qxb6 Kxd6 24. Bxc5+ Kd7 25. Qb7+ Ke8 26. Bh5+ Kd8 27. Bb6#
1-0

[Event "Challenge"]
[Site "http://www.queenalice.com/game.php?id=1861836"]
[Date "2025.8.20"]
[Round "-"]
[White "Leanne"]
[Black "DAN1958"]
[Result "1-0"]
[WhiteElo "1294"]
[BlackElo "1434"]

1. Nf3 f6 2. d4 d5 3. g3 Nc6 4. Bg2 Nh6 5. O-O g5 6. Nc3 a6 7. h4 gxh4 8. Nxh4
b5 9. e4 e6 10. exd5 exd5 11. Bxd5 Bb7 12. Bxc6+ Bxc6 13. Qh5+ Ke7 14. Nf5+ Nxf5
15. d5 Ng7 16. Qe2+ Kd6 17. dxc6 Kxc6 18. Be3 Qe7 19. Qf3+ Kd7 20. Qxa8 1-0

[Event "Challenge"]
[Site "http://www.queenalice.com/game.php?id=1861837"]
[Date "2025.8.20"]
[Round "-"]
[White "DAN1958"]
[Black "Leanne"]
[Result "0-1"]
[WhiteElo "1412"]
[BlackElo "1316"]

1. e4 e5 2. d3 Nc6 3. c3 d6 4. Na3 Nf6 5. f3 d5 6. Ne2 dxe4 7. dxe4 Qe7 8. Be3
g6 9. Nb5 Bg7 10. Bg5 O-O 11. Be3 Rd8 12. Qc2 Nh5 13. Rd1 Nf4 14. Bxf4 exf4 15.
Nxf4 Be5 16. Nd3 Qh4+ 17. Qf2 Bg3 18. Qxg3 g5 19. Qxh4 gxh4 20. Nxc7 Rb8 0-1